| 000 | 00500nam a2200181Ia 4500 | ||
|---|---|---|---|
| 999 |
_c14008 _d14008 |
||
| 003 | OSt | ||
| 005 | 20201028103743.0 | ||
| 008 | 190216s9999||||xx |||||||||||||| ||und|| | ||
| 020 | _a0140140178511 | ||
| 040 | _coclc | ||
| 082 |
_a808.87 _bPAR/S |
||
| 100 |
_aParris, Matthew _96041 |
||
| 245 | 0 |
_aScorn / _cMatthew Parris |
|
| 260 |
_bPenguin Books, _c1995. _anew zealand: |
||
| 300 | _a273p | ||
| 650 | _aEnglish--General | ||
| 942 |
_cBK _2ddc _h808.87 _iPAR/S _k808.87 _mPAR/S |
||